[Event "XXVII Miedzynarodowy Turniej im. Tadeus"]
[Site "Police"]
[Date "2012.??.??"]
[Round "7.16"]
[White "Lanica, Lukasz"]
[Black "Przybylska, Agata"]
[Result "0-1"]
[WhiteElo "1675"]
[BlackElo "1651"]
[PlyCount "70"]

1. e4 e5 2. d4 exd4 3. Qxd4 Nc6 4. Qe3 Nf6 5. Nc3 Bb4 6. Bd2 O-O 7. O-O-O Re8
8. Bc4 Na5 9. Bd3 d5 10. Nf3 dxe4 11. Nxe4 Bxd2+ 12. Rxd2 Bf5 13. Re1 Nd5 14.
Qd4 Nc6 15. Qc5 Ncb4 16. Qc4 Nxd3+ 17. Rxd3 c6 18. Rd4 Qb6 19. Red1 Bxe4 20.
Rxe4 Qxf2 21. Rde1 Rxe4 22. Qxe4 Qc5 23. Ng5 Nf6 24. Qh4 h6 25. Nf3 Rd8 26. c3
Qd5 27. Kb1 Qd3+ 28. Kc1 Qd5 29. a3 a5 30. Qf4 b5 31. g3 b4 32. axb4 axb4 33.
c4 Qa5 34. Qe3 Qa2 35. Qe4 Nxe4 0-1

[Event "XXVII Miedzynarodowy Turniej im. Tadeus"]
[Site "Police"]
[Date "2012.??.??"]
[Round "8.3"]
[White "Olszewski, Michal"]
[Black "Tomczak, Jacek"]
[Result "1-0"]
[WhiteElo "2526"]
[BlackElo "2556"]
[PlyCount "91"]

1. c4 g6 2. e4 Bg7 3. d4 Nc6 4. Nf3 d6 5. d5 Ne5 6. Nxe5 Bxe5 7. Be2 c6 8. O-O
Nf6 9. Nd2 Nd7 10. Rb1 O-O 11. b3 Qb6 12. Nf3 Bg7 13. Bb2 Bxb2 14. Rxb2 Nf6 15.
Qd3 a5 16. a3 Qc5 17. b4 Qa7 18. h3 Bd7 19. Re1 Rfc8 20. Bf1 axb4 21. axb4 b5
22. cxb5 cxd5 23. exd5 Bf5 24. Qd4 Qxd4 25. Nxd4 Nxd5 26. Nc6 Kf8 27. Rd2 Nc3
28. Re3 Ne4 29. Rd1 d5 30. Rxd5 Ra1 31. g4 Be6 32. Rd4 Nd6 33. Kg2 h5 34. Be2
hxg4 35. hxg4 Ra2 36. Kg3 Rb2 37. Re5 Rc7 38. Bf3 Rb7 39. Rf4 Kg7 40. Nd4 Rb6
41. Nxe6+ fxe6 42. Bc6 Rb3+ 43. f3 Kh6 44. Rxe6 Nxb5 45. g5+ Kh5 46. Re5 1-0

[Event "XXVII Miedzynarodowy Turniej im. Tadeus"]
[Site "Police"]
[Date "2012.??.??"]
[Round "8.5"]
[White "Malisauskas, Vidmantas"]
[Black "Przybylski, Wojciech"]
[Result "1/2-1/2"]
[WhiteElo "2460"]
[BlackElo "2330"]
[PlyCount "144"]

1. d4 d5 2. c4 c6 3. Nf3 Nf6 4. e3 e6 5. b3 Nbd7 6. Bb2 Be7 7. Nc3 O-O 8. Bd3
b6 9. O-O Bb7 10. Qe2 c5 11. cxd5 exd5 12. Rfd1 Bd6 13. Ba6 Bc6 14. Rac1 Re8
15. Bb5 Bb7 16. Ba6 Bc6 17. Qc2 Re6 18. Qf5 h6 19. Bb5 Bb7 20. Ne2 a6 21. Bxd7
Qxd7 22. Ne5 Qe8 23. Nf4 Re7 24. Ng4 Nxg4 25. Qxg4 Bxf4 26. Qxf4 Rc8 27. dxc5
bxc5 28. Rxc5 Rxc5 29. Qd4 Re5 30. Qxc5 d4 31. Qb6 Rxe3 32. Rf1 Qe4 33. f3 Qd5
34. Qxd4 Qxd4 35. Bxd4 Rd3 36. Bc5 Bd5 37. Bb4 Rd4 38. Bc3 Rd3 39. Rc1 Re3 40.
Kf2 Re8 41. Ba5 Re6 42. Rc8+ Kh7 43. Rd8 Bc6 44. Bb4 Kg6 45. Rd6 Rxd6 46. Bxd6
Kf6 47. Ke3 h5 48. Kd4 Ke6 49. Kc5 Bb5 50. Bf8 g6 51. Kb6 Kd7 52. a4 Bd3 53. b4
Kc8 54. Bd6 Bf1 55. h4 Bc4 56. Be5 Bf1 57. Bh2 Be2 58. Bf4 Bf1 59. Be5 Be2 60.
Bf6 Bf1 61. g4 Be2 62. gxh5 gxh5 63. f4 Kb8 64. Kc6 Bd1 65. a5 Be2 66. Kd7 Kb7
67. Ke7 Bc4 68. Kf8 Kc6 69. Kg7 Kb5 70. Be7 Bb3 71. Kh6 Bd1 72. Kg5 Be2 1/2-1/2

[Event "XXVII Miedzynarodowy Turniej im. Tadeus"]
[Site "Police"]
[Date "2012.??.??"]
[Round "8.7"]
[White "Kula, Robert"]
[Black "Tokarczyk, Tomasz"]
[Result "1-0"]
[WhiteElo "2341"]
[BlackElo "2220"]
[PlyCount "145"]

1. e4 c6 2. d4 d5 3. e5 Bf5 4. h4 h5 5. Ne2 e6 6. Ng3 Bg6 7. Be2 c5 8. c3 Nc6
9. Be3 cxd4 10. Bxd4 Nxd4 11. cxd4 Qa5+ 12. Nc3 Bb4 13. O-O Bxc3 14. bxc3 Ne7
15. Qb3 O-O-O 16. Rfc1 Kb8 17. a4 Rd7 18. Ra3 Qd8 19. Nf1 Nc6 20. g3 Rc7 21.
Qd1 Na5 22. Ne3 Be4 23. f3 Bg6 24. Qd2 Qe7 25. Qb2 Rhc8 26. Rd1 Bh7 27. f4 Bg6
28. Kf2 f6 29. Qb4 Qxb4 30. cxb4 Nc6 31. Rb3 fxe5 32. fxe5 Ne7 33. Rd2 Rf8+ 34.
Ke1 Rc1+ 35. Rd1 Rc7 36. Kd2 Nf5 37. Rf1 Rfc8 38. Nxf5 Bxf5 39. Bxh5 Rc2+ 40.
Ke3 Rg2 41. Rxf5 exf5 42. Kf4 Rc4 43. e6 Rxd4+ 44. Ke5 Re4+ 45. Kd6 Rc2 46. b5
d4 47. e7 Rc3 48. Rb1 Rce3 49. e8=Q+ Rxe8 50. Bxe8 Rxe8 51. Kd7 Rc8 52. Rf1 Rc5
53. g4 d3 54. gxf5 b6 55. Ke6 Kc7 56. Rd1 Rc3 57. Kf7 Rc5 58. Ke6 Rc3 59. h5
Ra3 60. Kf7 Rxa4 61. Kxg7 Rg4+ 62. Kf6 Rg3 63. h6 Rh3 64. h7 Rxh7 65. Rxd3 a6
66. bxa6 Kb8 67. Kg6 Rh1 68. Rd7 Rg1+ 69. Kf7 Ka8 70. Rb7 Rb1 71. f6 Ra1 72.
Rxb6 Ka7 73. Rc6 1-0

[Event "XXVII Miedzynarodowy Turniej im. Tadeus"]
[Site "Police"]
[Date "2012.??.??"]
[Round "8.9"]
[White "Kuciel, Wladyslaw"]
[Black "Jacek, Roksana"]
[Result "1-0"]
[WhiteElo "2002"]
[BlackElo "1861"]
[PlyCount "47"]

1. Nf3 Nf6 2. c4 c5 3. Nc3 d6 4. d4 cxd4 5. Nxd4 Nc6 6. e4 g6 7. Nc2 Bg7 8. Be2
O-O 9. O-O a6 10. Be3 Ne5 11. h3 Qc7 12. b3 b5 13. Nd5 Nxd5 14. cxd5 e6 15. Rc1
Qe7 16. f4 Nd7 17. Nb4 Bb7 18. Rc7 Bc8 19. Qd2 Qh4 20. dxe6 fxe6 21. Qxd6 Nf6
22. Bc5 Qh6 23. Qc6 Rb8 24. Bxf8 1-0

[Event "XXVII Miedzynarodowy Turniej im. Tadeus"]
[Site "Police"]
[Date "2012.??.??"]
[Round "8.11"]
[White "Przybylska, Agata"]
[Black "Chlost, Marlena"]
[Result "0-1"]
[WhiteElo "1651"]
[BlackElo "2186"]
[PlyCount "80"]

1. d4 d5 2. Bf4 Nf6 3. e3 c6 4. c4 e6 5. Nc3 Be7 6. Bd3 dxc4 7. Bxc4 b5 8. Bd3
Bb7 9. Nf3 O-O 10. O-O a6 11. Ne4 Nd5 12. Bg3 Nd7 13. Nd6 Qb6 14. Rc1 c5 15.
Nxb7 Qxb7 16. dxc5 Nxc5 17. Bb1 Rfd8 18. Qc2 g6 19. h4 Rac8 20. h5 Nf6 21. hxg6
hxg6 22. Qe2 Nce4 23. Be5 Ng4 24. Rcd1 Rxd1 25. Qxd1 Rd8 26. Qe2 Qd5 27. Bf4 e5
28. Bxe4 Qxe4 29. Ng5 Qf5 30. Nxf7 Kxf7 31. f3 Nf6 32. Bg3 Qd3 33. Qxd3 Rxd3
34. Bxe5 Rxe3 35. f4 Bc5 36. Kh1 Ng4 37. Bc3 b4 38. Be5 Nxe5 39. fxe5+ Kg7 40.
Rf6 a5 0-1

[Event "XXVII Miedzynarodowy Turniej im. Tadeus"]
[Site "Police"]
[Date "2012.??.??"]
[Round "8.12"]
[White "Korbal, Arkadiusz"]
[Black "Radwan, Leszek"]
[Result "1-0"]
[WhiteElo "2127"]
[BlackElo "2091"]
[PlyCount "54"]

1. d4 Nf6 2. c4 g6 3. Nc3 Bg7 4. e4 d6 5. f4 O-O 6. Nf3 Na6 7. Be2 c5 8. d5 Nc7
9. O-O Bg4 10. Be3 e6 11. Qc2 exd5 12. cxd5 Re8 13. Rad1 b6 14. h3 Bc8 15. Rfe1
Bb7 16. Bf2 a6 17. a4 Qd7 18. Nd2 b5 19. Bf3 Qc8 20. Nf1 Nd7 21. e5 dxe5 22.
Ne4 Bf8 23. d6 Ne6 24. fxe5 Nxe5 25. Nf6+ Kg7 26. Bxb7 Qxb7 27. Nxe8+ Rxe8 1-0

[Event "XXVII Miedzynarodowy Turniej im. Tadeus"]
[Site "Police"]
[Date "2012.??.??"]
[Round "8.14"]
[White "Maliszewski, Jaroslaw"]
[Black "Oleniak, Wlodzimierz"]
[Result "1-0"]
[WhiteElo "1796"]
[BlackElo "1863"]
[PlyCount "91"]

1. c4 e5 2. Nc3 Nf6 3. Nf3 Nc6 4. g3 d5 5. cxd5 Nxd5 6. Bg2 Nb6 7. d3 Be7 8. a3
O-O 9. b4 a6 10. Bb2 Be6 11. Rc1 f6 12. O-O f5 13. b5 axb5 14. Nxb5 Ra5 15. Nc3
Bxa3 16. Qd2 Bxb2 17. Qxb2 Qd7 18. Ng5 h6 19. Nxe6 Qxe6 20. Nb5 Rf7 21. Nxc7
Qd6 22. Nb5 Qb4 23. Qxb4 Nxb4 24. Nd6 Rf6 25. Nxb7 Ra2 26. Rb1 N4d5 27. Rb5 Nc3
28. Rxe5 Rxe2 29. Rxe2 Nxe2+ 30. Kh1 f4 31. Rd1 f3 32. Bf1 Nc3 33. Re1 Nbd5 34.
Nc5 g5 35. Nd7 Rd6 36. Bh3 Kg7 37. Ne5 Nf6 38. Bf5 g4 39. h3 h5 40. Kh2 Rd5 41.
hxg4 hxg4 42. Be6 Rd4 43. Rc1 Ncd5 44. Rc4 Rxc4 45. dxc4 Nb6 46. c5 1-0

[Event "XXVII Miedzynarodowy Turniej im. Tadeus"]
[Site "Police"]
[Date "2012.??.??"]
[Round "8.15"]
[White "Kurpiewski, Slawomir"]
[Black "Graf, Pawel"]
[Result "1/2-1/2"]
[WhiteElo "2168"]
[BlackElo "2120"]
[PlyCount "77"]

1. d4 e6 2. c4 Bb4+ 3. Bd2 a5 4. Nc3 Nf6 5. f3 d5 6. e3 O-O 7. a3 Bxc3 8. Bxc3
Re8 9. b4 axb4 10. axb4 Rxa1 11. Qxa1 dxc4 12. Bxc4 Nd5 13. Kf2 Nxc3 14. Qxc3
Nd7 15. e4 Kh8 16. Ne2 f5 17. exf5 exf5 18. Nf4 Nb6 19. Bb3 Qd6 20. g3 Bd7 21.
Qc5 Qe7 22. Qxe7 Rxe7 23. h4 Bb5 24. h5 Bc4 25. Bc2 Nd5 26. Nxd5 Re2+ 27. Kg1
Bxd5 28. Bxf5 Re1+ 29. Kh2 Rxh1+ 30. Kxh1 Bxf3+ 31. Kg1 Bd5 32. Kf2 Kg8 33. Ke3
h6 34. Kf4 Kf7 35. Ke5 Bb3 36. Be4 Bd1 37. Bxb7 Ke7 38. Be4 Bxh5 39. Bf5
1/2-1/2

[Event "XXVII Miedzynarodowy Turniej im. Tadeus"]
[Site "Police"]
[Date "2012.??.??"]
[Round "8.16"]
[White "Lanica, Lukasz"]
[Black "Maruszczak, Joanna"]
[Result "1/2-1/2"]
[WhiteElo "1675"]
[BlackElo "1811"]
[PlyCount "81"]

1. e4 c5 2. Nf3 Nc6 3. d4 cxd4 4. Nxd4 Nf6 5. Nc3 g6 6. Be3 Bg7 7. Bc4 O-O 8.
Bb3 a5 9. O-O a4 10. Bc4 a3 11. b3 Qa5 12. Ndb5 d6 13. Rc1 Bd7 14. h3 Ne5 15.
Qe2 Rfc8 16. Bd2 Nxc4 17. bxc4 Qd8 18. f4 Kf8 19. e5 dxe5 20. fxe5 Nh5 21. Qf3
Be8 22. Rcd1 Qb6+ 23. Be3 Qc6 24. Ne4 Bxe5 25. Nd4 Qxc4 26. Ng5 Nf6 27. Ne4 Rd8
28. Nxf6 Bxf6 29. Qg4 Qxa2 30. Rf3 Ra4 31. Rf4 h5 32. Qf3 Qd5 33. Ne6+ Qxe6 34.
Rxd8 Rxf4 35. Qxf4 a2 36. Rxe8+ Kxe8 37. Qb8+ Kd7 38. Qxb7+ Kd6 39. Qb4+ Kc7
40. Bf4+ Kd8 41. Qa5+ 1/2-1/2

[Event "XXVII Miedzynarodowy Turniej im. Tadeus"]
[Site "Police"]
[Date "2012.??.??"]
[Round "9.1"]
[White "Vysochin, Spartak"]
[Black "Shishkin, Vadim"]
[Result "1/2-1/2"]
[WhiteElo "2533"]
[BlackElo "2485"]
[PlyCount "47"]

1. e4 c5 2. c3 d5 3. exd5 Qxd5 4. d4 Nf6 5. Nf3 Bg4 6. Be2 e6 7. h3 Bh5 8. O-O
Nc6 9. Be3 cxd4 10. Nxd4 Bxe2 11. Qxe2 Be7 12. Nd2 Nxd4 13. Bxd4 O-O 14. Nf3
Qe4 15. Qxe4 Nxe4 16. Rfd1 Rfd8 17. Kf1 Nd6 18. Bc5 Kf8 19. Ke2 Ke8 20. Rd3 Nb5
21. Rxd8+ Rxd8 22. Bxe7 Kxe7 23. Rd1 Rxd1 24. Kxd1 1/2-1/2

[Event "XXVII Miedzynarodowy Turniej im. Tadeus"]
[Site "Police"]
[Date "2012.??.??"]
[Round "9.3"]
[White "Urban, Klaudiusz"]
[Black "Schmidt, Wlodzimierz"]
[Result "1-0"]
[WhiteElo "2453"]
[BlackElo "2382"]
[PlyCount "135"]

1. Nf3 Nf6 2. g3 g6 3. b3 c5 4. c4 b6 5. Bb2 Bb7 6. d4 cxd4 7. Qxd4 Bg7 8. Bg2
O-O 9. O-O d6 10. Qd2 Nbd7 11. Nc3 Ne4 12. Nxe4 Bxe4 13. Bxg7 Kxg7 14. Qd4+ Nf6
15. Rfd1 Qc7 16. g4 h6 17. h4 e5 18. Qxd6 Qxd6 19. Rxd6 Nxg4 20. Nxe5 Bxg2 21.
Nxg4 Bh3 22. Ne3 Rad8 23. Rad1 Rxd6 24. Rxd6 Re8 25. Rd4 Re5 26. Kh2 Be6 27.
Kg2 b5 28. cxb5 Rxb5 29. Ra4 a5 30. f4 Kf6 31. Kg3 g5 32. hxg5+ hxg5 33. Nc4
Bxc4 34. Rxc4 Ke6 35. Kg4 gxf4 36. Kxf4 f6 37. Rc6+ Ke7 38. Ra6 Re5 39. e3 Kf7
40. a4 Rc5 41. Ke4 Rc3 42. Rb6 Rc1 43. Rb5 Rb1 44. Kd4 Ke6 45. e4 Kd6 46. Kc3
Rc1+ 47. Kd2 Rb1 48. Kc3 Rc1+ 49. Kd2 Rb1 50. Kc2 Re1 51. Rxa5 Rxe4 52. Kd3 Rb4
53. Kc3 Rb8 54. b4 Ke6 55. Rh5 f5 56. b5 f4 57. Rh3 Kd5 58. Kb4 Rf8 59. Rf3 Ke4
60. Rf1 Ke3 61. b6 Ke2 62. Ra1 f3 63. a5 Rd8 64. b7 f2 65. a6 Rd1 66. Ra2+ Rd2
67. Ra1 Rd1 68. b8=Q 1-0

[Event "XXVII Miedzynarodowy Turniej im. Tadeus"]
[Site "Police"]
[Date "2012.??.??"]
[Round "9.4"]
[White "Tomczak, Jacek"]
[Black "Przybylski, Wojciech"]
[Result "1-0"]
[WhiteElo "2556"]
[BlackElo "2330"]
[PlyCount "39"]

1. e4 e5 2. Nf3 Nf6 3. d4 Nxe4 4. Bd3 d5 5. Nxe5 Nd7 6. Nc3 Nxe5 7. dxe5 Bb4 8.
O-O Nxc3 9. bxc3 Bxc3 10. Rb1 c5 11. Bb5+ Bd7 12. Bg5 Qc7 13. Qxd5 Bxb5 14.
Rxb5 Qxe5 15. Qxc5 Qxc5 16. Rxc5 h6 17. Bf4 Bf6 18. Bd6 Kd7 19. Rd1 Rhc8 20.
Bb8+ 1-0

[Event "XXVII Miedzynarodowy Turniej im. Tadeus"]
[Site "Police"]
[Date "2012.??.??"]
[Round "9.5"]
[White "Chojnacki, Krzysztof"]
[Black "Kula, Robert"]
[Result "1-0"]
[WhiteElo "2441"]
[BlackElo "2341"]
[PlyCount "73"]

1. d4 d5 2. c4 e5 3. dxe5 d4 4. Nf3 Nc6 5. g3 Bg4 6. Bg2 Qd7 7. O-O O-O-O 8.
Qb3 h5 9. Rd1 h4 10. Bf4 hxg3 11. Bxg3 Nge7 12. Na3 Nf5 13. Nc2 Bc5 14. Nce1
Nxg3 15. hxg3 Bh3 16. e6 Bxe6 17. Ne5 Qd6 18. Nxc6 bxc6 19. Qa4 Kd7 20. Nd3 Rb8
21. b4 Bxb4 22. c5 Bxc5 23. Nxc5+ Qxc5 24. Rac1 Rb4 25. Qa3 Qb6 26. Rxc6 Rb1
27. Rdc1 Rxc1+ 28. Qxc1 Qa5 29. Rc5 Qb6 30. Bc6+ Kd6 31. Rc2 Qa5 32. a4 Rb8 33.
Bb5 Rc8 34. Rc6+ Ke7 35. Qc5+ Kf6 36. Qxd4+ Ke7 37. Rxe6+ 1-0

[Event "XXVII Miedzynarodowy Turniej im. Tadeus"]
[Site "Police"]
[Date "2012.??.??"]
[Round "9.7"]
[White "Franzen, Jozef"]
[Black "Malisauskas, Vidmantas"]
[Result "0-1"]
[WhiteElo "2304"]
[BlackElo "2460"]
[PlyCount "106"]

1. e4 c5 2. Nf3 d6 3. Bb5+ Nd7 4. d4 Ngf6 5. Nc3 cxd4 6. Qxd4 a6 7. Bxd7+ Bxd7
8. Bg5 Qa5 9. O-O Bc6 10. Bxf6 gxf6 11. Nd5 Rc8 12. c4 Bg7 13. b4 Qd8 14. Rad1
e6 15. Nc3 O-O 16. Qe3 Qc7 17. Rc1 Rfe8 18. Rfd1 f5 19. exf5 exf5 20. Qf4 Bxf3
21. Qxf3 Qxc4 22. Ne2 Qe4 23. Ng3 Qxf3 24. gxf3 f4 25. Nf5 Bf8 26. Rxc8 Rxc8
27. Rd4 f6 28. Kg2 b5 29. Nxd6 Rc2 30. a3 Rc3 31. Ne4 Rxa3 32. Nxf6+ Kf7 33.
Nxh7 Be7 34. h4 Ra4 35. Ng5+ Kg6 36. Ne6 Kf5 37. Nc7 Bxh4 38. Rd5+ Kf6 39. Rd6+
Ke7 40. Rh6 Bg5 41. Rg6 Kd7 42. Nxa6 Be7 43. Nb8+ Kc7 44. Nc6 Bd6 45. Nd4 Rxb4
46. Ne6+ Kd7 47. Ng5 Rd4 48. Ne4 b4 49. Rh6 Rd1 50. Nxd6 Rxd6 51. Rh1 Kc6 52.
Rb1 Kb5 53. Kh3 Rg6 0-1

[Event "XXVII Miedzynarodowy Turniej im. Tadeus"]
[Site "Police"]
[Date "2012.??.??"]
[Round "9.10"]
[White "Zschaebitz, Klaus"]
[Black "Snihur, Piotr"]
[Result "0-1"]
[WhiteElo "2105"]
[BlackElo "2001"]
[PlyCount "116"]

1. c4 e6 2. g3 Nf6 3. Bg2 c5 4. Nc3 Nc6 5. e4 d6 6. d3 Be7 7. Nge2 O-O 8. O-O
a6 9. h3 Qc7 10. Be3 Bd7 11. Rc1 Rac8 12. f4 Qa5 13. Qd2 Rfd8 14. g4 Be8 15. g5
Nd7 16. h4 b5 17. b3 b4 18. Nd1 Nb6 19. Bh3 Bd7 20. Rc2 d5 21. Qe1 dxc4 22.
dxc4 e5 23. f5 Nd4 24. Rd2 f6 25. gxf6 Bxf6 26. Bg5 Bc6 27. Ng3 Rd6 28. Ne3 Nd7
29. Nd5 Qd8 30. Qe3 h6 31. Bxf6 Nxf6 32. Rg2 Be8 33. Kh2 Kh8 34. Rfg1 Rb8 35.
Nh1 Rb7 36. Nf2 Bh5 37. Bg4 Nxd5 38. exd5 Qxh4+ 39. Nh3 Bxg4 40. Rxg4 Qh5 41.
Qg3 Rdd7 42. Rg2 Rf7 43. Rg6 Nf3+ 44. Kh1 Nh4 45. Rxa6 Nxg2 46. Kxg2 Qxf5 47.
Re6 Rbe7 48. Rxe7 Rxe7 49. Qe3 Qg4+ 50. Kh2 Qd4 51. Qf3 Kg8 52. Qg2 e4 53. Ng1
Qe5+ 54. Qg3 Qxg3+ 55. Kxg3 Rf7 56. Ne2 g5 57. Kg4 e3 58. Nc1 Kf8 0-1

[Event "XXVII Miedzynarodowy Turniej im. Tadeus"]
[Site "Police"]
[Date "2012.??.??"]
[Round "9.11"]
[White "Jacek, Roksana"]
[Black "Jacek, Krystian"]
[Result "0-1"]
[WhiteElo "1861"]
[BlackElo "2074"]
[PlyCount "102"]

1. e4 g6 2. c3 Bg7 3. Nf3 d6 4. d4 Nf6 5. Bd3 O-O 6. O-O Nc6 7. Be3 e5 8. a3 h6
9. Nbd2 Ng4 10. h3 Nxe3 11. fxe3 f5 12. Nh2 Qg5 13. Qe1 Bd7 14. Ndf3 Qf6 15.
exf5 gxf5 16. Nh4 Ne7 17. Rd1 Be6 18. Kh1 Qg5 19. N4f3 Qh5 20. Be2 e4 21. Ne5
Qe8 22. Nc4 b5 23. Nd2 Qg6 24. c4 bxc4 25. Nxc4 d5 26. Na5 c5 27. Nb3 cxd4 28.
Nxd4 Be5 29. Qh4 Bxd4 30. Rxd4 Nc6 31. Ra4 a5 32. Bb5 Bd7 33. Rd1 Ne5 34. Rxd5
Bxb5 35. Rxb5 Nd3 36. Rbxa5 Rac8 37. Nf1 Rc1 38. Kg1 Ne1 39. Qf2 Rc2 40. Ra6
Qg5 41. Nd2 Rxd2 42. Qf1 Nd3 43. Rd6 Qxe3+ 44. Kh2 Rf2 45. Qd1 Qf4+ 46. Kg1
Qxd6 47. Qb3+ Kh8 48. Qb7 Rg8 49. Ra7 Qh2+ 50. Kxh2 Rfxg2+ 51. Kh1 Nf2# 0-1

[Event "XXVII Miedzynarodowy Turniej im. Tadeus"]
[Site "Police"]
[Date "2012.??.??"]
[Round "9.13"]
[White "Maruszczak, Joanna"]
[Black "Smieszek, Wojciech"]
[Result "1-0"]
[WhiteElo "1811"]
[BlackElo "1809"]
[PlyCount "103"]

1. e4 c5 2. d3 d6 3. g3 g6 4. Bg2 Bg7 5. f4 e6 6. Nf3 Ne7 7. O-O O-O 8. c3 Nbc6
9. Be3 b5 10. d4 cxd4 11. Nxd4 Nxd4 12. Bxd4 e5 13. Be3 Bb7 14. Qd3 d5 15. fxe5
dxe4 16. Qxb5 Qc8 17. Re1 Nf5 18. Bf4 a6 19. Qb4 a5 20. Qb3 Qc5+ 21. Kh1 Bd5
22. Qa3 Qc6 23. c4 Qxc4 24. Nd2 Qc6 25. Rac1 Qb7 26. Nxe4 Rfe8 27. Rc5 Kh8 28.
Rxd5 Qxd5 29. Nd6 Qe6 30. Nxe8 Rxe8 31. Qxa5 h6 32. Qd5 Qe7 33. Qe4 Qe6 34. Qd5
Qe7 35. Bh3 Rd8 36. Qe4 Rd4 37. Qa8+ Rd8 38. Qa5 Rb8 39. Bxf5 gxf5 40. b3 Qb7+
41. Kg1 Bf8 42. e6 Re8 43. Qxf5 fxe6 44. Be5+ Bg7 45. Qg6 Qb6+ 46. Kg2 Qc6+ 47.
Kh3 Bxe5 48. Qxh6+ Kg8 49. Rxe5 Kf7 50. Qh7+ Kf6 51. Rf5+ exf5 52. Qh6+ 1-0

[Event "XXVII Miedzynarodowy Turniej im. Tadeus"]
[Site "Police"]
[Date "2012.??.??"]
[Round "9.15"]
[White "Maliszewski, Jaroslaw"]
[Black "Kurpiewski, Slawomir"]
[Result "0-1"]
[WhiteElo "1796"]
[BlackElo "2168"]
[PlyCount "56"]

1. c4 Nf6 2. Nc3 g6 3. e4 d6 4. d4 Bg7 5. Be2 O-O 6. Bg5 Na6 7. Qd2 c5 8. d5
Qa5 9. h4 h5 10. f3 Nc7 11. Nh3 b5 12. cxb5 a6 13. bxa6 Bxa6 14. O-O Rfb8 15.
Nf2 Qb4 16. Bxa6 Rxa6 17. Nd3 Qb6 18. Rab1 Nd7 19. Bxe7 f6 20. e5 c4+ 21. Nf2
Nxe5 22. Nce4 Ne8 23. f4 Ng4 24. Ng3 Ra7 25. Qe2 Qe3 26. Qxe3 Nxe3 27. Rfe1
Rxe7 28. Nf1 Nxd5 0-1

[Event "XXVII Miedzynarodowy Turniej im. Tadeus"]
[Site "Police"]
[Date "2012.??.??"]
[Round "9.16"]
[White "Graf, Pawel"]
[Black "Lanica, Lukasz"]
[Result "1-0"]
[WhiteElo "2120"]
[BlackElo "1675"]
[PlyCount "89"]

1. e4 c6 2. d4 d5 3. e5 Bf5 4. Nc3 e6 5. g4 Bg6 6. Nge2 c5 7. h4 h6 8. h5 Bh7
9. Be3 Nc6 10. f4 cxd4 11. Nxd4 Nxd4 12. Bxd4 Ne7 13. Bd3 Bxd3 14. Qxd3 Nc6 15.
O-O-O Nxd4 16. Qxd4 Qa5 17. Kb1 O-O-O 18. Rh3 Kb8 19. f5 Rc8 20. fxe6 fxe6 21.
Qd3 Bb4 22. Ne2 Rc4 23. c3 Bc5 24. Qg6 Ra4 25. Nc1 Qb6 26. Qxg7 Rc8 27. Qxh6
Rxg4 28. Qd2 Rcg8 29. h6 Rg2 30. h7 a5 31. hxg8=Q+ Rxg8 32. Nb3 Be7 33. Qd4 Qb5
34. Qd3 Qb6 35. Rdh1 Rg2 36. Rh8+ Bd8 37. Qd4 Qc7 38. Nc5 Qc8 39. Nxe6 Qxe6 40.
Rxd8+ Kc7 41. Rxd5 b6 42. Qc4+ Kb7 43. Rh7+ Rg7 44. Rxg7+ Ka8 45. Qa6+ 1-0